Welcome to CU Library Online Public Access Catalogue (OPAC)

Good chemistry : (Record no. 4338)

MARC details
000 -LEADER
fixed length control field 00864cam a22002294a 4500
001 - CONTROL NUMBER
control field 13234508
005 - DATE AND TIME OF LATEST TRANSACTION
control field 20250225152914.0
008 - FIXED-LENGTH DATA ELEMENTS--GENERAL INFORMATION
fixed length control field 030611s2004 nyuaf 000 0beng
020 ## - INTERNATIONAL STANDARD BOOK NUMBER
International Standard Book Number 9780071426176
050 00 - LIBRARY OF CONGRESS CALL NUMBER
Classification number RM666.B42
Item number G66 2004
082 00 - DEWEY DECIMAL CLASSIFICATION NUMBER
Classification number 615/.7882
-- B
Edition information 21
245 00 - TITLE STATEMENT
Title Good chemistry :
Remainder of title the life and legacy of valium inventor Leo Sternbach /
Statement of responsibility, etc. Alex Baenninger ... [et al.].
260 ## - PUBLICATION, DISTRIBUTION, ETC.
Place of publication, distribution, etc. New York :
Name of publisher, distributor, etc. McGraw-Hill,
Date of publication, distribution, etc. c2004.
300 ## - PHYSICAL DESCRIPTION
Extent vii, 168 p., [16] p. of plates :
Other physical details ill. ;
Dimensions 24 cm.
650 #0 - SUBJECT ADDED ENTRY--TOPICAL TERM
Topical term or geographic name entry element Benzodiazepines
General subdivision History.
650 #0 - SUBJECT ADDED ENTRY--TOPICAL TERM
Topical term or geographic name entry element Diazepam
General subdivision History.
650 #0 - SUBJECT ADDED ENTRY--TOPICAL TERM
Topical term or geographic name entry element Chemists
Geographic subdivision New Jersey
Form subdivision Biography.
700 1# - ADDED ENTRY--PERSONAL NAME
Personal name Baenninger, Alex.
856 41 - ELECTRONIC LOCATION AND ACCESS
Materials specified Table of contents
Uniform Resource Identifier <a href="http://www.loc.gov/catdir/toc/ecip045/2003013224.html">http://www.loc.gov/catdir/toc/ecip045/2003013224.html</a>
856 42 - ELECTRONIC LOCATION AND ACCESS
Materials specified Publisher description
Uniform Resource Identifier <a href="http://www.loc.gov/catdir/description/mh031/2003013224.html">http://www.loc.gov/catdir/description/mh031/2003013224.html</a>
942 ## - ADDED ENTRY ELEMENTS (KOHA)
Source of classification or shelving scheme Library of Congress Classification
Koha item type Books
Suppress in OPAC No
999 ## -
-- 4338
-- 4338
Holdings
Withdrawn status Lost status Source of classification or shelving scheme Damaged status Not for loan Collection Home library Current library Shelving location Date acquired Total checkouts Full call number Barcode Date last seen Copy number Price effective from Koha item type
    Library of Congress Classification     Non-fiction Science Library (Miotso) Science Library (Miotso) General stacks 02/25/2025   RM666 .B42G66 GOO SLM00004147 02/25/2025 1 02/25/2025 Books
    Library of Congress Classification     Non-fiction Science Library (Miotso) Science Library (Miotso) General stacks 02/25/2025   RM666 .B42G66 GOO SLM00004148 02/25/2025 2 02/25/2025 Books
    Library of Congress Classification     Non-fiction Science Library (Miotso) Science Library (Miotso) General stacks 02/25/2025   RM666 .B42G66 GOO SLM00004149 02/25/2025 3 02/25/2025 Books
    Library of Congress Classification     Non-fiction Science Library (Miotso) Science Library (Miotso) General stacks 02/25/2025   RM666 .B42G66 GOO SLM00004150 02/25/2025 4 02/25/2025 Books
    Library of Congress Classification     Non-fiction Science Library (Miotso) Science Library (Miotso) General stacks 02/25/2025   RM666 .B42G66 GOO SLM00004151 02/25/2025 5 02/25/2025 Books
    Library of Congress Classification     Non-fiction Science Library (Miotso) Science Library (Miotso) General stacks 02/25/2025   RM666 .B42G66 GOO SLM00004152 02/25/2025 6 02/25/2025 Books
    Library of Congress Classification     Non-fiction Science Library (Miotso) Science Library (Miotso) General stacks 02/25/2025   RM666 .B42G66 GOO SLM00004153 02/25/2025 7 02/25/2025 Books
© 2023-2024 Copyright: Central University Libraries. All Rights Reserved | Created by: Mahone Tech Office